|
|
|
|
| LEADER |
00000nam0a2200000 4500 |
| 001 |
229594 |
| 005 |
20231101230941.0 |
| 035 |
|
|
|a (RuTPU)RU\TPU\book\250221
|
| 090 |
|
|
|a 229594
|
| 100 |
|
|
|a 20130114d2012 k y0rusy50 ca
|
| 101 |
0 |
|
|a rus
|
| 102 |
|
|
|a RU
|
| 105 |
|
|
|a y dm 001zy
|
| 200 |
1 |
|
|a Эффективная классическая и квантовая динамика в полевых теориях с расширенной суперсимметрией
|e автореферат диссертации на соискание ученой степени доктора физико-математических наук
|e спец. 01.04.02
|f И. Б. Самсонов
|g Национальный исследовательский Томский политехнический университет (ТПУ) ; науч. конс. И. Л. Бухбиндер
|
| 210 |
|
|
|a Томск
|d 2012
|
| 215 |
|
|
|a 29 с.
|
| 300 |
|
|
|a Защита сост. 27.12.2012 г.
|
| 320 |
|
|
|a Библиогр.: с. 27-29 (20 назв.)
|
| 606 |
1 |
|
|a Квантовая теория поля
|2 stltpush
|3 (RuTPU)RU\TPU\subj\14222
|9 40678
|
| 610 |
1 |
|
|a суперчастицы
|
| 610 |
1 |
|
|a модели
|
| 610 |
1 |
|
|a гармонические суперчастицы
|
| 610 |
1 |
|
|a каноническое квантование
|
| 610 |
1 |
|
|a деформации
|
| 610 |
1 |
|
|a калибровочные поля
|
| 610 |
1 |
|
|a пространство Минковского
|
| 610 |
1 |
|
|a тензорные поля
|
| 610 |
1 |
|
|a Лагранжева динамика
|
| 610 |
1 |
|
|a авторефераты диссертаций
|
| 610 |
1 |
|
|a труды учёных ТПУ
|
| 675 |
|
|
|a 530.145(04)
|v 3
|
| 686 |
|
|
|a 01.04.02
|2 oksvnk
|
| 700 |
|
1 |
|a Самсонов
|b И. Б.
|c физик
|c доцент Томского политехнического университета, кандидат физико-математических наук
|f 1978-
|g Игорь Борисович
|2 stltpush
|3 (RuTPU)RU\TPU\pers\30338
|
| 702 |
|
1 |
|a Бухбиндер
|b И. Л.
|g Иосиф Львович
|4 695
|
| 712 |
0 |
2 |
|a Национальный исследовательский Томский политехнический университет (ТПУ)
|c (2009- )
|2 stltpush
|3 (RuTPU)RU\TPU\col\15902
|
| 801 |
|
1 |
|a RU
|b 63413507
|c 20130114
|
| 801 |
|
2 |
|a RU
|b 63413507
|c 20130131
|g RCR
|
| 942 |
|
|
|c BK
|